[Event "UKR-ch"]
[Site "Alushta"]
[Date "2010.05.07"]
[Round "5"]
[White "Vdovichenko, Vladislav"]
[Black "Dhillon, Jasteen"]
[Result "1-0"]
[WhiteElo "2220"]
[BlackElo "1948"]
[PlyCount "65"]
[EventDate "2010.05.03"]
[EventType "swiss"]
[EventRounds "9"]
[EventCountry "UKR"]
[SourceTitle "CBM 136 Extra"]
[Source "ChessBase"]
[SourceDate "2010.07.02"]
[SourceVersion "2"]
[SourceVersionDate "2010.07.15"]
[SourceQuality "1"]

1. c4 Nf6 2. Nc3 d5 3. cxd5 Nxd5 4. g3 g6 5. Bg2 Nxc3 6. bxc3 Bg7 7. Rb1 0-0 8. Rxb7 Bxb7 9. Bxb7 Nd7 10. Bxa8 Qxa8 11. f3 Qc6 12. Qc2 Rb8 13. Nh3 Qb6 14. Nf2 Qb1 15. Qxb1 Rxb1 16. Kd1 Ra1 17. a3 Rb1 18. Kc2 Rb8 19. d4 c5 20. Be3 cxd4 21. Bxd4 e5 22. Bxa7 Ra8 23. Be3 Rxa3 24. Kb2 Ra8 25. Rd1 Rb8+ 26. Kc2 Nf8 27. Ne4 Ne6 28. Nc5 Nc7 29. Rd7 Nb5 30. Rb7 Rxb7 31. Nxb7 Kf8 32. c4 Nc7 33. Bc5+ 1-0

[Event "UKR-ch"]
[Site "Alushta"]
[Date "2010.05.04"]
[Round "2"]
[White "Vdovichenko, Vladislav"]
[Black "Pavlov, Maxim"]
[Result "1/2-1/2"]
[WhiteElo "2220"]
[BlackElo "2383"]
[PlyCount "80"]
[EventDate "2010.05.03"]
[EventType "swiss"]
[EventRounds "9"]
[EventCountry "UKR"]
[SourceTitle "CBM 136 Extra"]
[Source "ChessBase"]
[SourceDate "2010.07.02"]
[SourceVersion "2"]
[SourceVersionDate "2010.07.15"]
[SourceQuality "1"]

1. d4 Nf6 2. c4 e6 3. Nf3 b6 4. a3 Bb7 5. Nc3 d5 6. cxd5 Nxd5 7. Qc2 Be7 8. Bd2 0-0 9. e4 Nxc3 10. Bxc3 c5 11. dxc5 Bxc5 12. Rd1 Qc7 13. b4 Bd6 14. Qb2 e5 15. Bd3 Nd7 16. 0-0 Rad8 17. Nd2 Rfe8 18. Nc4 Bf8 19. Ne3 a6 20. Bb1 b5 21. Nd5 Bxd5 22. Rxd5 Bd6 23. Rd3 Nb6 24. Ba2 Nc4 25. Bxc4 Qxc4 26. Rfd1 Bc7 27. Rxd8 Bxd8 28. Bxe5 Qxe4 29. h3 f6 30. Bg3 h5 31. Qb3+ Kh7 32. Qd5 Qxd5 33. Rxd5 g5 34. Rd7+ Kg6 35. Bc7 Re1+ 36. Kh2 Bxc7+ 37. Rxc7 Kf5 38. Rc6 Re6 39. Rc3 Ke5 40. Kg3 Rd6 1/2-1/2

[Event "Kiev-ch"]
[Site "Kiev"]
[Date "2010.03.14"]
[Round "8"]
[White "Vdovichenko, Vladislav"]
[Black "Kislinsky, Alexey"]
[Result "0-1"]
[WhiteElo "2193"]
[BlackElo "2452"]
[PlyCount "84"]
[EventDate "2010.03.04"]
[EventType "swiss"]
[EventRounds "9"]
[EventCountry "UKR"]
[SourceTitle "CBM 135 Extra"]
[Source "ChessBase"]
[SourceDate "2010.05.04"]
[SourceVersion "1"]
[SourceVersionDate "2010.05.04"]
[SourceQuality "1"]

1. d4 f5 2. Bg5 g6 3. h4 Bg7 4. Nf3 c5 5. c3 Nc6 6. e3 h6 7. Bf4 d6 8. dxc5 e5 9. Bh2 e4 10. Qxd6 Qxd6 11. Bxd6 exf3 12. gxf3 Be6 13. Nd2 Nf6 14. Bc4 Kf7 15. Rg1 Rhe8 16. 0-0-0 Nd7 17. f4 Nf6 18. f3 Rad8 19. Bxe6+ Rxe6 20. Nc4 Ne8 21. h5 gxh5 22. Rd5 Ne7 23. Rd2 Nc8 24. Rdg2 h4 25. Be5 Bf8 26. Bd4 Nf6 27. Ne5+ Ke8 28. Rh2 Nd7 29. Nxd7 Rxd7 30. Rxh4 Rf7 31. Rh2 Ne7 32. Rhg2 Nd5 33. Rg6 Rfe7 34. Rxe6 Rxe6 35. Kd2 Nxe3 36. Rg8 Nc4+ 37. Kc2 Kf7 38. Rh8 b6 39. cxb6 axb6 40. b3 Ne3+ 41. Kd3 Nd5 42. Kc4 Nf6 0-1

[Event "Kiev-ch"]
[Site "Kiev"]
[Date "2010.03.10"]
[Round "5"]
[White "Burdalev, Kirill"]
[Black "Vdovichenko, Vladislav"]
[Result "1/2-1/2"]
[WhiteElo "2254"]
[BlackElo "2193"]
[PlyCount "30"]
[EventDate "2010.03.04"]
[EventType "swiss"]
[EventRounds "9"]
[EventCountry "UKR"]
[SourceTitle "CBM 135 Extra"]
[Source "ChessBase"]
[SourceDate "2010.05.04"]
[SourceVersion "1"]
[SourceVersionDate "2010.05.04"]
[SourceQuality "1"]

1. Nf3 f5 2. d4 Nf6 3. Bg5 e6 4. Nbd2 d5 5. e3 Be7 6. c4 c6 7. Bd3 0-0 8. Qc2 Ne4 9. Bxe7 Qxe7 10. Ne5 Nd7 11. Nxd7 Bxd7 12. 0-0 Nxd2 13. Qxd2 e5 14. cxd5 cxd5 15. dxe5 Qxe5 1/2-1/2

[Event "UKR-ch U18"]
[Site "Kiev"]
[Date "2010.01.27"]
[Round "2"]
[White "Vdovichenko, Vladislav"]
[Black "Kazakov, Maksym"]
[Result "1-0"]
[WhiteElo "2182"]
[BlackElo "2261"]
[PlyCount "121"]
[EventDate "2010.01.26"]
[EventType "swiss"]
[EventRounds "11"]
[EventCountry "UKR"]
[SourceTitle "CBM 134 Extra"]
[Source "ChessBase"]
[SourceDate "2010.03.03"]
[SourceVersion "1"]
[SourceVersionDate "2010.03.03"]
[SourceQuality "1"]

1. d4 d5 2. c4 c6 3. Nf3 Nf6 4. e3 Bf5 5. Nc3 e6 6. Qb3 Qb6 7. c5 Qxb3 8. axb3 Be7 9. b4 0-0 10. b5 Ne4 11. Nxe4 Bxe4 12. Nd2 Bg6 13. Nb3 a6 14. b6 Nd7 15. Na5 Rab8 16. Bd2 e5 17. 0-0-0 Bf6 18. Bc3 Rfe8 19. b4 exd4 20. Bxd4 Bxd4 21. exd4 Nf6 22. f3 Nh5 23. Kd2 Nf4 24. g3 Ne6 25. Nb3 Re7 26. h4 h5 27. Bh3 Rbe8 28. Rhe1 Kf8 29. Bf1 Bf5 30. Re2 g6 31. Rde1 Kg7 32. Kc3 Kf6 33. Re5 Kg7 34. Bd3 Bxd3 35. Kxd3 Kf6 36. R5e3 Kg7 37. Na5 Kf6 38. Nb3 Kg7 39. Na1 Kf6 40. Nc2 Kg7 41. R3e2 Kf6 42. Re5 Kg7 43. f4 f6 44. R5e3 f5 45. Na1 Kf6 46. Nb3 Nd8 47. Rxe7 Rxe7 48. Ra1 Kg7 49. Na5 Kf6 50. Nxb7 Rxb7 51. Rxa6 Ke7 52. Ra8 Ne6 53. Rc8 Kd7 54. Rg8 Ke7 55. Kc3 Kf7 56. Rc8 Kf6 57. Rxc6 Ke7 58. Rc8 Kf7 59. b5 Ke7 60. Ra8 Kf7 61. Ra7 1-0

[Event "Yuzhny op"]
[Site "Yuzhny"]
[Date "2009.09.12"]
[Round "8"]
[White "Vdovichenko, Vladislav"]
[Black "Onikienko, Vitaly"]
[Result "0-1"]
[WhiteElo "2186"]
[BlackElo "2221"]
[PlyCount "109"]
[EventDate "2009.09.08"]
[EventType "swiss"]
[EventRounds "9"]
[EventCountry "UKR"]
[SourceTitle "CBM 132 Extra"]
[Source "ChessBase"]
[SourceDate "2009.11.03"]
[SourceVersion "1"]
[SourceVersionDate "2009.11.03"]
[SourceQuality "1"]

1. d4 d5 2. c4 e6 3. Nc3 Nf6 4. Bg5 Be7 5. cxd5 exd5 6. e3 c6 7. Qc2 Nbd7 8. Bd3 0-0 9. Nf3 Re8 10. h3 Nf8 11. 0-0-0 Ne4 12. Bxe7 Qxe7 13. Bxe4 dxe4 14. Nd2 f5 15. g4 Kh8 16. gxf5 Bxf5 17. f3 Qg5 18. fxe4 Bg6 19. Qd3 Rad8 20. h4 Qh5 21. Ne2 Qa5 22. Kb1 Bf7 23. b3 c5 24. Rc1 Nd7 25. Qc2 Nf6 26. e5 Rxe5 27. Qc3 Qxc3 28. Nxc3 Rxe3 29. Nf1 Rf3 30. dxc5 Nd5 31. Nxd5 Bxd5 32. Rh2 h5 33. Rd2 Be4+ 34. Kb2 Rdf8 35. Rdd1 Rf2+ 36. Ka3 Bc2 37. Rd2 Bg6 38. Rxf2 Rxf2 39. Ne3 Be4 40. Rf1 Rxf1 41. Nxf1 Kh7 42. Ng3 Bf3 43. Kb4 g5 44. Nf5 Kg6 45. Nd4 Be4 46. Ne2 gxh4 47. Kc4 Kf5 48. Kd4 Bf3 49. Ng1 Kf4 50. b4 Bc6 51. Kd3 Bb5+ 52. Kd2 Kg3 53. Ne2+ Bxe2 54. Kxe2 h3 55. Kf1 0-1

[Event "Yuzhny op"]
[Site "Yuzhny"]
[Date "2009.09.10"]
[Round "4"]
[White "Budnikov, Oleg"]
[Black "Vdovichenko, Vladislav"]
[Result "0-1"]
[WhiteElo "2423"]
[BlackElo "2186"]
[PlyCount "56"]
[EventDate "2009.09.08"]
[EventType "swiss"]
[EventRounds "9"]
[EventCountry "UKR"]
[SourceTitle "CBM 132 Extra"]
[Source "ChessBase"]
[SourceDate "2009.11.03"]
[SourceVersion "1"]
[SourceVersionDate "2009.11.03"]
[SourceQuality "1"]

1. e4 e6 2. d4 d5 3. Nc3 Nf6 4. e5 Nfd7 5. Nce2 c5 6. c3 Nc6 7. f4 cxd4 8. cxd4 Bb4+ 9. Kf2 f6 10. g3 fxe5 11. fxe5 0-0+ 12. Kg2 Ndxe5 13. dxe5 Nxe5 14. Nf4 g5 15. Nd3 Nxd3 16. Bxd3 e5 17. Be3 d4 18. Qb3+ Kh8 19. Bxg5 Qxg5 20. Qxb4 Bd7 21. Re1 Bc6+ 22. Be4 Qg6 23. Bf3 Qc2+ 24. Kh3 Rxf3 25. Rxe5 Bd7+ 26. Kh4 Qg6 27. Re8+ Rxe8 28. Qxd4+ Qf6+ 0-1

[Event "Kiev Independence Cup-B 9th"]
[Site "Kiev"]
[Date "2009.08.09"]
[Round "7"]
[White "Vdovichenko, Vladislav"]
[Black "Pavlov, Sergey1111"]
[Result "0-1"]
[WhiteElo "2182"]
[BlackElo "2479"]
[PlyCount "60"]
[EventDate "2009.08.03"]
[EventType "swiss"]
[EventRounds "9"]
[EventCountry "UKR"]
[SourceTitle "CBM 131 Extra"]
[Source "ChessBase"]
[SourceDate "2009.09.03"]
[SourceVersion "2"]
[SourceVersionDate "2009.09.16"]
[SourceQuality "1"]

1. d4 Nf6 2. c4 e6 3. Nf3 c5 4. d5 exd5 5. cxd5 d6 6. Nc3 g6 7. e4 a6 8. a4 Bg4 9. Qb3 Bxf3 10. gxf3 Nbd7 11. Bf4 Nh5 12. Bg3 Qc7 13. Bh3 Bh6 14. Bxd7+ Qxd7 15. e5 dxe5 16. Ne4 0-0 17. Nxc5 Qc7 18. Nd3 Qa5+ 19. Kf1 Rad8 20. Qxb7 Rxd5 21. b4 Qd8 22. Nxe5 Rd2 23. Re1 Qd4 24. Ng4 Bg7 25. Re4 Qb2 26. Be5 Bxe5 27. Rxe5 Nf4 28. Re1 h5 29. Nh6+ Kh7 30. Qb6 Nd3 0-1

[Event "Kiev Independence Cup-B 9th"]
[Site "Kiev"]
[Date "2009.08.07"]
[Round "5"]
[White "Vdovichenko, Vladislav"]
[Black "Nogin, Nikolai"]
[Result "1/2-1/2"]
[WhiteElo "2182"]
[BlackElo "2266"]
[PlyCount "69"]
[EventDate "2009.08.03"]
[EventType "swiss"]
[EventRounds "9"]
[EventCountry "UKR"]
[SourceTitle "CBM 131 Extra"]
[Source "ChessBase"]
[SourceDate "2009.09.03"]
[SourceVersion "2"]
[SourceVersionDate "2009.09.16"]
[SourceQuality "1"]

1. d4 Nf6 2. c4 e6 3. Nf3 b6 4. a3 Bb7 5. Nc3 g6 6. Qc2 Bg7 7. e4 d6 8. Be2 0-0 9. 0-0 c5 10. d5 exd5 11. cxd5 Re8 12. Re1 a6 13. a4 Nbd7 14. b3 Qc7 15. Nd2 Re7 16. Nc4 Ne5 17. f4 Nxc4 18. Bxc4 Rae8 19. Bd2 Nd7 20. e5 dxe5 21. Ne4 Qb8 22. d6 Bxe4 23. Rxe4 Qxd6 24. Rd1 Qc6 25. Bxa6 exf4 26. Rxe7 Rxe7 27. Bxf4 Qe4 28. Qxe4 Rxe4 29. Bc7 Bd4+ 30. Kh1 Be5 31. Bd8 Rd4 32. Rxd4 cxd4 33. Bb5 Bf6 34. Bc7 Be5 35. Bd8 1/2-1/2

[Event "UKR-ch sf U18"]
[Site "Kharkov"]
[Date "2008.10.08"]
[Round "7"]
[White "Vdovichenko, Vladislav"]
[Black "Rakhmangulov, Denis"]
[Result "1-0"]
[WhiteElo "2222"]
[BlackElo "1929"]
[PlyCount "125"]
[EventDate "2008.10.02"]
[EventType "swiss"]
[EventRounds "9"]
[EventCountry "UKR"]
[SourceTitle "CBM 126 Extra"]
[Source "ChessBase"]
[SourceDate "2008.11.05"]
[SourceVersion "1"]
[SourceVersionDate "2008.11.05"]
[SourceQuality "1"]

1. d4 Nf6 2. c4 c5 3. d5 b5 4. cxb5 a6 5. bxa6 Bxa6 6. Nc3 d6 7. g3 g6 8. Bg2 Bg7 9. Nf3 0-0 10. 0-0 Nbd7 11. Qc2 Qa5 12. Re1 Rfb8 13. e4 Ne8 14. Bg5 Rxb2 15. Qxb2 Bxc3 16. Qc2 Bxa1 17. Rxa1 f6 18. Bh3 Nb6 19. Bh6 Bc8 20. Bxc8 Rxc8 21. Rb1 Ra8 22. Qb3 Nd7 23. Bd2 Qxa2 24. Qxa2 Rxa2 25. Rb7 Ne5 26. Nxe5 dxe5 27. Be3 Nd6 28. Rxe7 Nxe4 29. f3 Ra1+ 30. Kg2 Ra2+ 31. Kh3 Ra3 32. Bh6 Rxf3 33. d6 Nxd6 34. Rg7+ Kf8 35. Rd7+ Ke8 36. Rxd6 Ke7 37. Rc6 Rc3 38. Bg7 Rf3 39. Rxc5 Kd6 40. Bf8+ Ke6 41. Rc6+ Kd5 42. Rd6+ Kc4 43. Bg7 e4 44. Rxf6 Kd3 45. Rd6+ Ke2 46. Bh6 e3 47. Rd7 Kf1 48. Rxh7 e2 49. Bd2 e1Q 50. Bxe1 Kxe1 51. Rh6 Rf6 52. Kg4 Kf2 53. Kg5 Ra6 54. Rxg6 Ra5+ 55. Kh4 Kg2 56. Rb6 Ra8 57. Rb2+ Kf3 58. Rb3+ Ke4 59. g4 Ke5 60. Rf3 Ke4 61. Rf7 Ke5 62. g5 Ke6 63. Rf2 1-0

[Event "UKR-ch sf U18"]
[Site "Kharkov"]
[Date "2008.10.07"]
[Round "6"]
[White "Khachatryan, Vahag H"]
[Black "Vdovichenko, Vladislav"]
[Result "1/2-1/2"]
[WhiteElo "2102"]
[BlackElo "2222"]
[PlyCount "150"]
[EventDate "2008.10.02"]
[EventType "swiss"]
[EventRounds "9"]
[EventCountry "UKR"]
[SourceTitle "CBM 126 Extra"]
[Source "ChessBase"]
[SourceDate "2008.11.05"]
[SourceVersion "1"]
[SourceVersionDate "2008.11.05"]
[SourceQuality "1"]

1. d4 Nf6 2. c4 e6 3. Nc3 Bb4 4. a3 Bxc3+ 5. bxc3 b6 6. f3 d5 7. cxd5 exd5 8. e3 0-0 9. Bd3 c5 10. Ne2 Re8 11. 0-0 Ba6 12. Ng3 Bxd3 13. Qxd3 Nc6 14. Ra2 Qd7 15. Re2 Rad8 16. Rd1 h5 17. Nh1 Qc7 18. Nf2 Na5 19. Qf5 cxd4 20. cxd4 Rc8 21. Nd3 Nb3 22. Bb2 Qc4 23. Nf4 Rc6 24. Rde1 g6 25. Qb1 Nd7 26. Nd3 a5 27. Nc1 b5 28. Nxb3 Qxb3 29. e4 Nb6 30. exd5 Rxe2 31. Rxe2 Nxd5 32. Qe1 Kh7 33. Qd2 Qc4 34. Kf2 Re6 35. Rxe6 fxe6 36. g3 b4 37. Bc1 Kg8 38. Kg2 b3 39. Kf2 Qc3 40. Ke2 Qc4+ 41. Kf2 a4 42. Bb2 Nb6 43. Ke1 Qd5 44. Qd3 Kf7 45. Kd2 Nc4+ 46. Kc3 Nxb2 47. Kxb2 Qc6 48. Kb1 Kg7 49. Kb2 Kf6 50. Qe2 Ke7 51. Qd3 Kd7 52. Qe2 g5 53. h3 h4 54. g4 Ke7 55. Qd3 Kf6 56. Qe2 Kf7 57. Qd3 Kg7 58. Qe2 Kh6 59. Qd3 Qc7 60. Qe2 Qd6 61. Kc3 Qc6+ 62. Kb2 Qd5 63. Kc3 Qa5+ 64. Kb2 Qd5 65. Qd3 Qd6 66. Qe4 Kg7 67. Kc3 Kf6 68. Kb2 Qh2+ 69. Kc3 Qxh3 70. d5 exd5 71. Qf5+ Ke7 72. Qe5+ Kf8 73. Qf6+ Ke8 74. Qe6+ Kf8 75. Qd6+ Ke8 1/2-1/2

[Event "UKR-ch sf U18"]
[Site "Kharkov"]
[Date "2008.10.05"]
[Round "4"]
[White "Rodionov, Georgy"]
[Black "Vdovichenko, Vladislav"]
[Result "0-1"]
[WhiteElo "2043"]
[BlackElo "2222"]
[PlyCount "78"]
[EventDate "2008.10.02"]
[EventType "swiss"]
[EventRounds "9"]
[EventCountry "UKR"]
[SourceTitle "CBM 126 Extra"]
[Source "ChessBase"]
[SourceDate "2008.11.05"]
[SourceVersion "1"]
[SourceVersionDate "2008.11.05"]
[SourceQuality "1"]

1. e4 c5 2. Nf3 Nc6 3. d4 cxd4 4. Nxd4 Nf6 5. Nc3 e5 6. Ndb5 d6 7. Bg5 a6 8. Na3 b5 9. Nd5 Be7 10. Bxf6 Bxf6 11. c3 Ne7 12. Nc2 Nxd5 13. Qxd5 Rb8 14. Qc6+ Kf8 15. Qd5 Bb7 16. Qd3 d5 17. exd5 Qxd5 18. Qxd5 Bxd5 19. Ne3 Bc6 20. Be2 Rd8 21. Rd1 Rxd1+ 22. Kxd1 Bg5 23. Bf3 Bxf3+ 24. gxf3 g6 25. Ke2 Bf4 26. Nd5 Kg7 27. h3 Kh6 28. Rd1 Kg5 29. Nc7 Kh4 30. Nxa6 Kxh3 31. Nc7 Kg2 32. Nxb5 Rb8 33. a4 h5 34. b4 h4 35. Na3 h3 36. Nc2 h2 37. Ne1+ Kh3 38. Nd3 Rc8 39. Rh1 Rxc3 0-1

[Event "Kiev Independence Cup-A 8th"]
[Site "Kiev"]
[Date "2008.08.19"]
[Round "7"]
[White "Vdovichenko, Vladislav"]
[Black "Tkachev, Taras"]
[Result "1-0"]
[WhiteElo "2222"]
[BlackElo "1991"]
[PlyCount "131"]
[EventDate "2008.08.13"]
[EventType "swiss"]
[EventRounds "11"]
[EventCountry "UKR"]
[SourceTitle "CBM 126 Extra"]
[Source "ChessBase"]
[SourceDate "2008.11.05"]
[SourceVersion "1"]
[SourceVersionDate "2008.11.05"]
[SourceQuality "1"]

1. d4 d5 2. c4 e6 3. Nc3 Nf6 4. Bg5 Be7 5. cxd5 exd5 6. e3 c6 7. Qc2 Nbd7 8. Bd3 0-0 9. Nge2 Re8 10. 0-0 Nf8 11. Rae1 h6 12. Bh4 Ng4 13. Bxe7 Qxe7 14. h3 Nf6 15. Ng3 Ne6 16. f4 Qd8 17. f5 Ng5 18. h4 Nge4 19. Bxe4 Nxe4 20. Ncxe4 dxe4 21. Rf4 Qd5 22. b3 Bd7 23. Ref1 f6 24. Nxe4 Re7 25. Nc3 Qd6 26. R4f3 Rae8 27. Qd3 c5 28. Qc4+ Kh8 29. dxc5 Qd2 30. Qd4 Qxd4 31. exd4 Re3 32. g4 Rxf3 33. Rxf3 b6 34. Kf2 bxc5 35. dxc5 Rc8 36. Rd3 Rxc5 37. Rxd7 Rxc3 38. Rxa7 h5 39. g5 fxg5 40. hxg5 Rc5 41. g6 Rxf5+ 42. Kg3 Rf8 43. Rf7 Ra8 44. Kf4 Kg8 45. Rb7 Kf8 46. a4 Ra6 47. Kg5 h4 48. Rf7+ Kg8 49. Rf3 Rb6 50. Kxh4 Rxg6 51. b4 Rg1 52. Rf5 Rb1 53. Rb5 Kf7 54. a5 Ra1 55. Rb6 Ke7 56. a6 Kd7 57. b5 Ra5 58. Kg5 Kc7 59. Rb7+ Kc8 60. Kg6 Ra1 61. Kxg7 Ra2 62. Kf6 Rf2+ 63. Ke5 Ra2 64. Kd5 Ra1 65. Kc5 Rc1+ 66. Kb6 1-0

[Event "Kiev Independence Cup-A 8th"]
[Site "Kiev"]
[Date "2008.08.13"]
[Round "10"]
[White "Vdovichenko, Vladislav"]
[Black "Rodin, Alexey"]
[Result "1-0"]
[WhiteElo "2222"]
[BlackElo "1762"]
[PlyCount "75"]
[EventDate "2008.08.13"]
[EventType "swiss"]
[EventRounds "11"]
[EventCountry "UKR"]
[SourceTitle "CBM 126 Extra"]
[Source "ChessBase"]
[SourceDate "2008.11.05"]
[SourceVersion "1"]
[SourceVersionDate "2008.11.05"]
[SourceQuality "1"]

1. d4 Nf6 2. c4 e6 3. Nf3 b6 4. a3 Ba6 5. Nbd2 d5 6. e3 c5 7. b4 cxb4 8. axb4 Bxc4 9. Nxc4 dxc4 10. Qa4+ Qd7 11. b5 c3 12. g3 Be7 13. Bg2 Nd5 14. 0-0 0-0 15. Ne5 Qc7 16. e4 Nf6 17. Bf4 Bd6 18. Rfc1 Rc8 19. Rc2 Qe7 20. Rac1 Bxe5 21. Bxe5 Nbd7 22. Bxf6 Nxf6 23. Rxc3 Rxc3 24. Rxc3 Rd8 25. Qc4 h6 26. h3 Qd7 27. d5 exd5 28. exd5 Qf5 29. Rd3 Qe5 30. Kh2 Rd7 31. Re3 Qf5 32. Qc8+ Kh7 33. Rf3 Qe5 34. Rxf6 Rc7 35. Qf5+ Qxf5 36. Rxf5 Kg8 37. d6 Rd7 38. Rd5 1-0

[Event "Kiev Independence Cup-A 8th"]
[Site "Kiev"]
[Date "2008.08.13"]
[Round "1"]
[White "Vdovichenko, Vladislav"]
[Black "Shmat, Anna"]
[Result "1-0"]
[WhiteElo "2222"]
[BlackElo "1836"]
[PlyCount "73"]
[EventDate "2008.08.13"]
[EventType "swiss"]
[EventRounds "11"]
[EventCountry "UKR"]
[SourceTitle "CBM 126 Extra"]
[Source "ChessBase"]
[SourceDate "2008.11.05"]
[SourceVersion "1"]
[SourceVersionDate "2008.11.05"]
[SourceQuality "1"]

1. d4 Nf6 2. c4 c5 3. d5 b5 4. cxb5 a6 5. bxa6 Bxa6 6. Nc3 g6 7. e4 Bxf1 8. Kxf1 d6 9. g3 Bg7 10. Kg2 Nbd7 11. Nf3 0-0 12. Re1 Ne8 13. Bf4 Qb6 14. Qc2 Nc7 15. e5 dxe5 16. Nxe5 Nxe5 17. Bxe5 f6 18. Bxc7 Qxc7 19. Qe4 Rfb8 20. Qc4 Kf8 21. Nb5 Qb7 22. a4 Rd8 23. Rad1 f5 24. b3 Bf6 25. Kg1 Qb6 26. d6 exd6 27. Re6 Kg7 28. Rdxd6 Rxd6 29. Rxd6 Qa5 30. Rd7+ Kh6 31. Qf4+ Bg5 32. Qe5 Bf6 33. Qxf6 Qe1+ 34. Kg2 Qe4+ 35. f3 Qe2+ 36. Kh3 Qf1+ 37. Kh4 1-0

[Event "Ilichevsk Sunny Pawn op"]
[Site "Ilichevsk"]
[Date "2008.07.28"]
[Round "8"]
[White "Vdovichenko, Vladislav"]
[Black "Bortnyk, Olexandr"]
[Result "0-1"]
[WhiteElo "2222"]
[BlackElo "2189"]
[PlyCount "84"]
[EventDate "2008.07.20"]
[EventType "swiss"]
[EventRounds "10"]
[EventCountry "UKR"]
[SourceTitle "CBM 125 Extra"]
[Source "ChessBase"]
[SourceDate "2008.09.01"]
[SourceVersion "1"]
[SourceVersionDate "2008.09.01"]
[SourceQuality "1"]

1. d4 f5 2. Bg5 c6 3. Nd2 g6 4. c3 Bg7 5. e4 fxe4 6. Nxe4 d6 7. Bd3 Nf6 8. Nxf6+ exf6 9. Be3 Qa5 10. Ne2 Be6 11. Qd2 Nd7 12. 0-0 0-0 13. b4 Qc7 14. c4 Nb6 15. Rac1 Qf7 16. Qc3 f5 17. Nf4 Bd7 18. c5 dxc5 19. bxc5 Nd5 20. Nxd5 cxd5 21. Bf4 Rfe8 22. Rfe1 Rxe1+ 23. Rxe1 Re8 24. Be5 f4 25. f3 Bxe5 26. dxe5 Be6 27. Qd4 g5 28. a4 Qc7 29. h4 Rc8 30. Rc1 Qg7 31. Kf2 Rf8 32. hxg5 Qxg5 33. Rh1 h5 34. Bb1 Kg7 35. Qd3 Rf5 36. Re1 h4 37. Kf1 Qg3 38. Re2 h3 39. gxh3 Rh5 40. Rf2 Bxh3+ 41. Ke2 Rxe5+ 42. Kd1 Qg1+ 0-1

[Event "Stepichev Memorial 15th"]
[Site "Kiev"]
[Date "2007.12.25"]
[Round "5"]
[White "Vdovichenko, Vladislav"]
[Black "Docenko, Feodosij"]
[Result "0-1"]
[WhiteElo "2198"]
[BlackElo "2071"]
[PlyCount "66"]
[EventDate "2007.12.21"]
[EventType "swiss"]
[EventRounds "9"]
[EventCountry "UKR"]
[SourceTitle "CBM 122 Extra"]
[Source "ChessBase"]
[SourceDate "2008.03.04"]
[SourceVersion "1"]
[SourceVersionDate "2008.03.04"]
[SourceQuality "1"]

1. e4 c5 2. Nc3 d6 3. g3 Nc6 4. Bg2 e6 5. d3 Nge7 6. f4 Nd4 7. Nce2 Nxe2 8. Nxe2 d5 9. 0-0 Bd7 10. f5 dxe4 11. fxe6 Bxe6 12. Bxe4 Bd5 13. Nc3 Bxe4 14. dxe4 Qxd1 15. Rxd1 a6 16. Na4 Nc6 17. Nb6 Rd8 18. Be3 Nd4 19. c3 Ne6 20. e5 Be7 21. Nd5 Rd7 22. Rd2 Bg5 23. Bxg5 Nxg5 24. Kg2 Ne6 25. Rad1 Kd8 26. a4 a5 27. Nb6 Rxd2+ 28. Rxd2+ Kc7 29. Nc4 b6 30. Nd6 Nd8 31. Nb5+ Kc6 32. Rd6+ Kb7 33. Rd7+ Kc6 0-1

[Event "UKR-ch sf U20"]
[Site "Lvov"]
[Date "2007.12.07"]
[Round "6"]
[White "Golubka, Petr"]
[Black "Vdovichenko, Vladislav"]
[Result "1/2-1/2"]
[WhiteElo "2270"]
[BlackElo "2198"]
[PlyCount "61"]
[EventDate "2007.12.02"]
[EventType "swiss"]
[EventRounds "9"]
[EventCountry "UKR"]
[SourceTitle "CBM 121 Extra"]
[Source "ChessBase"]
[SourceDate "2008.01.10"]
[SourceVersion "1"]
[SourceVersionDate "2008.01.10"]
[SourceQuality "1"]

1. e4 e6 2. d4 d5 3. Nd2 c5 4. exd5 exd5 5. Ngf3 Nc6 6. Bb5 Bd6 7. 0-0 Nge7 8. dxc5 Bxc5 9. Nb3 Bd6 10. Bg5 0-0 11. Re1 Qc7 12. Bh4 Bg4 13. Bg3 Bxg3 14. hxg3 Rfe8 15. c3 a6 16. Bd3 h6 17. Bc2 Rad8 18. Qd2 Bh5 19. Nh4 Ne5 20. Nd4 Nc4 21. Qd3 Bg6 22. Nxg6 Nxg6 23. b3 Na3 24. Qd2 Nxc2 25. Qxc2 Rc8 26. Rxe8+ Rxe8 27. Qd2 Qe5 28. Nf3 Qf6 29. Rc1 Rc8 30. Kh2 Ne5 31. Nxe5 1/2-1/2